00577 a2200157 4500003000500000005001700005020001500022040000900037082001500046100002000061245007500081260004400156300001600200505017200216650003100388Nust20221226114128.0 a8120324544 cNust a621.39,ANA aAnand, M. M. S. aEectronic instruments and instrumentation technology /cM. M. S. Anand aNew DelhibPrentice-Hall of Indiac2004 axvi, 727 p. aSection.1 Instruments and Accessories (Page-1), Section.2 Instrument Design and Manufacturing Techniques (Page-369), Section.3 Instrumentation Technology (Page-495).  aInstrumentation technology